000 00691nam a2200205Ia 4500
001 8680
003 GE_BSU
008 181216s||||||||xx |||||||||||||| ||und||
040 _cGE_BSU
080 _a821.353.1-32
100 _aიოსელიანი,ივანე.
245 _aმოთხრობები
245 _cვანო წულუკიძის წინასიტყვ.რედ:გრ.ჩიქოვანი;მხატვ:ა.ვეფხვაძე
260 _aთბილისი.
260 _bსაბჭ.მწერალი.
260 _c1961.
300 _a222გვ;17სმ.
653 _aმოთხრობები
942 _cBK
999 _c41994
_d41994